Statistics for 2014 FIFA World Cup Final Germany - Argentina

Click here to take the quiz!

General Stats

  • This quiz has been taken 957 times
    (853 since last reset)
  • The average score is 18 of 30

Answer Stats

Player% Correct
Lionel Messi
98%
Manuel Neuer
95%
Thomas Müller
90%
Mario Götze ¹
87%
Miroslav Klose
87%
Philipp Lahm
86%
Gonzalo Higuain
85%
Jérôme Boateng
85%
Mats Hummels
82%
Bastian Schweinsteiger
76%
Sergio Romero
76%
Toni Kroos
75%
Javier Mascherano
69%
Joachim Löw
68%
Sergio Agüero
68%
Mesut Özil
67%
André Schürrle
57%
Marcos Rojo
50%
Benedikt Höwedes
49%
Pablo Zabaleta
44%
Christoph Kramer
41%
Ezequiel Lavezzi
39%
Martin Demichelis
39%
Lucas Biglia
34%
Ezequiel Garay
32%
Per Mertesacker
32%
Rodrigo Palacio
31%
Enzo Pérez
28%
Alejandro Sabella
25%
Fernando Gago
17%

Score Distribution

Percentile by Number Answered

Percent of People with Each Score

Your Score History

You have not taken this quiz since the last reset